00437nam a2200157Ia 4500008004100000020001800041082001600059100001800075245004300093250000600136260003200142300001000174500004800184650001500232700003200247120629s9999 xx 000 0 und d a968-6708-07-3 a512.9 R435a aRees, Paul K. aAlgebra / Paul K. Rees, Fred W. Sparks a4 aMéxico : Reverte Mexicana a447 p aGlosario, índice y respuesta a ejercicios a1. ALGEBRA aSparks, Fred W. ; coaut.Ì